Online Catalogue and eLibrary

Narrating Tamil nationalism subjectivities and issues (Record no. 2035)

MARC details
000 -LEADER
fixed length control field 00241nam a2200097Ia 4500
008 - FIXED-LENGTH DATA ELEMENTS--GENERAL INFORMATION
fixed length control field 240331s9999 xx 000 0 und d
082 ## - DDC Classification
Item Number - Author Mark ROB
100 ## - MAIN ENTRY--PERSONAL NAME
Personal name Roberts, M
245 #0 - TITLE STATEMENT
Title Narrating Tamil nationalism subjectivities and issues
942 ## - Koha item type (Biblio)
Koha item type Books in Stacks (Lending)

No items available.

© WERC Library